01513nam a2200265 a 450000100100000000500170001000800410002704000250006808200200009310000280011324500910014126000790023230000270031159000660033865000280040465000310043204900090046395201330047295201330060595201330073895201190087195201180099095201240110899900150123200001015420240412074215.0091005s1993 dr a 001 0 spa d aDO-SdBNPbspacBNPHU aRD861.44bD542e1 aDíaz, Nazarina92515010aEn un mar de estrellas nada ni luna nueva : "Nachi Villafaña". : /cNazarina Díaz. aSan Francisco de Macorís, República Dominicana :bEditora Rafy,c1993. a32 p. :bil. ;c21 cm. aLa biblioteca posee dos ejemplares autografiados por el autor 0aPoesía dominicana966 0aLiteratura dominicana.967 aBNPD 001054708DSaGRbGRcCTd2009-10-05iLF1l0oRD861.44 D542ep10154-30r2020-06-25te. 3w2020-06-25yLFDSZPréstamo en sala 001054708DSaGRbGRcCTd2009-10-05iLF1l0oRD861.44 D542ep10154-40r2020-06-25te. 4w2020-06-25yLFDSZPréstamo en sala 001054708DSaGRbGRcCTd2009-10-15iLF1l0oRD861.44 D542ep10154-50r2020-06-25te. 5w2020-06-25yLFDSZPréstamo en sala 00107-18PDaGRbGRcOId2011-04-11iLF1l0oRD861.44 D542ep10154-60r2020-06-25w2020-06-25yLFPDZNo se presta 0010718PDaPDbPDcCTd2009-10-05iLF1l0oRD861.44 D542ep10154-10r2020-06-25w2020-06-25yLFPDZNo se presta 0010718PDaPDbPDcCTd2009-10-05iLF1l0oRD861.44 D542ep10154-20r2020-06-25te. 2w2020-06-25yLFPDZNo se presta c9913d9913